Statistics for 5, 4, 3, 2, 1... Countries

Click here to take the quiz!

General Stats

  • This quiz has been taken 68 times
  • The average score is 16 of 20

Answer Stats

#Category% Correct
5Countries that start with D
100%
4... not in Europe
95%
5Himalayan countries
91%
3... completely above the equator
88%
4... with a rectangular flag
88%
3... that are not landlocked
88%
2... that border at least one country
88%
4... with more than one million people
86%
5Countries ending with "SIA"
86%
2... ending with a vowel
84%
5One-Syllable Countries
79%
4... which have red on their flag
77%
1... and with one wordDjibouti
77%
3... that's not on the arctic circle
75%
1... and has played in the World CupChina
74%
3... that's not in Africa
72%
2... which is in the EU
70%
2... not in Africa
67%
1... completely on islandsIndonesia
63%
1... and which does not end in NFrance
61%

Score Distribution

Percentile by Number Answered

Percent of People with Each Score

Your Score History

You have not taken this quiz